000 005520000a22001930004500
003 LK-CoMWRAF
005 20231127121241.0
008 230817t1999 ||||| |||| 00| 0 eng d
020 _a9555800464
040 _aLK-CoMWRAF
_dLK-CoMWRAF
_eLK-CoMWRAF
041 _aeng
082 _a305.4
_bSAD
100 _aSadhwani, Sunitha L.
245 _aAbuse Of Women:
_bA Psychological Perspective
260 _bColombo:
_aInternational Centre for Ethnic Studies (ICES),
_c1999
300 _a39 p.
_bBibliography included
650 _aWOMEN ABUSE
942 _cBK
999 _c642
_d642